| 000 | 01292naa a2200289 c 4500 | ||
|---|---|---|---|
| 001 | 42571 | ||
| 003 | ES-MaCES | ||
| 005 | 20120403110100.0 | ||
| 008 | 120329n2011 ne t 000 | eng d | ||
| 035 | _aCES20120001810v | ||
| 040 |
_aES-MaCES _bspa _cES-MaCES |
||
| 100 | 1 |
_aBegall, Katia _97376 |
|
| 245 | 1 | 4 |
_aThe impact of subjective work control, job strain and work-family conflict on fertility intentions _b: a european comparision _cKatia Begall, Melinda Mills |
| 500 | _aTít. también en francés: L'impact sur les intentions de fécondité de la perception subjective de contrôle sur le travail, du stress lié au travail et du conflit travail-famille: une comparaison européenne | ||
| 500 | _aResumen en inglés y francés | ||
| 650 | 4 |
_aconflicto de trabajo _928367 |
|
| 650 | 4 |
_aambiente de trabajo _929086 |
|
| 650 | 4 |
_afecundación _928649 |
|
| 650 | 4 |
_adiscriminación por razones de sexo _929521 |
|
| 650 | 4 |
_aderechos de la mujer _927173 |
|
| 653 | 1 | 0 | _aRelaciones laborales-Empleo |
| 700 | 1 |
_aMills, Melinda _918652 |
|
| 773 | 0 |
_tEuropean journal of population _gvol. 27, no. 4 (Nov. 2011){10387 R. 080356}; p. 433-456 _w(ES-MaCES)25397 _955040 |
|
| 902 | _aART Artículo de revista | ||
| 942 |
_2CES _cAR _h2.0. |
||
| 999 |
_c42571 _d42571 |
||